Conflict and growth in Africa Southern Africa

Gespeichert in:
Bibliographische Detailangaben
1. Verfasser: Goudie, Andrew S.
Körperschaft: OECD. Development Centre
Weitere Verfasser: Neyapti, Bilin
Format: Buch
Sprache:Englisch
Veröffentlicht: Paris OECD 1999
Schriftenreihe:Development Centre studies
Schlagworte:
Tags: Tag hinzufügen
Keine Tags, Fügen Sie das erste Tag hinzu!

MARC

LEADER 00000nam a2200000 4500
001 c122257
005 20221108121326.5
020 |a 92-64-17164-9 
041 0 |a eng 
044 |a FR 
245 1 0 |a Conflict and growth in Africa  |b Southern Africa  |c Andrew Goudie, Bilin Neyapti 
264 1 |a Paris  |b OECD  |c 1999 
300 |a 188 s. 
490 1 |a Development Centre studies 
830 0 |a Development Centre studies 
610 2 0 |a rast hospodársky 
610 2 0 |a správa verejná 
610 2 0 |a nestabilita politická 
610 2 0 |a inflácia 
610 2 0 |a ukazovatele makroekonomické 
610 2 0 |a Afrika 
610 2 0 |a OECD 
100 1 |a Goudie, Andrew S. 
700 1 |a Neyapti, Bilin 
710 2 |a OECD. Development Centre